LEADER 01466nam a2200241 i 4500 001 000000226802 003 CaOOAMICUS 005 20140204000000.0 008 140204s1922 it u000 u fre u 013 $a205704 040 $aSeMil$bita 100 1 $aBarenton, Hilaire : de.$0(OLS)http://semarc/name/78676 240 14$aLes deux cylindres A et B de Goudéa, traduction française ; Goudéa et les origines italiennes ; Les deux empires latin et osco-basque ; La philologie des noms de la famille, de l'eau du vin, de l'ecriture et de l'homme : dans les langues chaldéo-égyptiennes et indo-européennes.$0(OLS)http://semarc/title/324714 245 13$aLe temple de Sib Zid Goudéa :$bPatési de Lagash (2100-2080 av.J.C.) et les origines italiennes ou les deux empires latin et osco-basque /$cHilaire de Barenton. 260 $aParis :$bLibrairie Paul Geuthner,$c1922. 300 $a134 p. ;$c28 cm. 490 0 $aÉtudes orientales ;$vN.3 650 4$aCiviltà orientale.$0(OLS)http://semarc/subject/13646 830 0$aÉtudes orientales ;$vN.3.$0(OLS)http://semarc/title/39933 850 $aSeMil 852 $aSeMil$W1$xVenegono$y1$m2W V 90$j177148$B177148$CSeMilBibl$Z2$F188021 $81 996 $6245$aLe temple de Sib Zid Goudéa :$bPatési de Lagash (2100-2080 av.J.C.) et les origines italiennes ou les deux empires latin et osco-basque$9(OLS)http://semarc/title/324713 996 $6260$aParis :$bLibrairie Paul Geuthner$9(OLS)http://semarc/publisher/49499 LEADER 01297nam a2200241 i 4500 001 000000117815 003 CaOOAMICUS 005 20030910000000.0 008 030910s1984 it u000 u ita u 013 $a90506 040 $aSeMil$bita 100 1 $aEberle, Josef.$0(OLS)http://semarc/name/49163 245 14$aDas alte Einsiedeln in Wort und Bild :$bWiedergabe alter Stiche, Lithographien und Ansichtskarten sowie damit in Verbindung stehender geschichtlicher Kurzabhandlungen /$cJosef Eberle. 260 $aEinsiedeln :$bKunst- und Kartenverlag Josef Eberle,$ccopyr. 1984. 300 $a108 p. :$briccamente ill. ;$c25 cm. 500 $aContiene : Bibliographie. - Fondo Card. C.M. Martini. 650 4$aEinsiedeln - Abbazia territoriale di Einsiedeln.$0(OLS)http://semarc/subject/21864 850 $aSeMil 852 $aSeMil$W1$xVenegono$y1$m4Y IV 106$j73168$B73168$CSeMilBibl$Z2$F101861 $81 941 1 $a4 961 $aOmaggio: Martini Card. Carlo Maria 996 $6245$aDas alte Einsiedeln in Wort und Bild :$bWiedergabe alter Stiche, Lithographien und Ansichtskarten sowie damit in Verbindung stehender geschichtlicher Kurzabhandlungen$9(OLS)http://semarc/title/173013 996 $6260$aEinsiedeln :$bKunst- und Kartenverlag Josef Eberle$9(OLS)http://semarc/publisher/45741